Derecho ambiental y ecología (Record no. 219229)
[ view plain ]
| 000 -CABECERA | |
|---|---|
| campo de control de longitud fija | 00581nas a2200181 c 4500 |
| 005 - FECHA Y HORA DE LA ÚLTIMA TRANSACCIÓN | |
| campo de control | 20231006132023.0 |
| 008 - DATOS DE LONGITUD FIJA--INFORMACIÓN GENERAL | |
| campo de control de longitud fija | 231006c2014 mx br|p| |||| 00| 0 spa d |
| 022 ## - NÚMERO INTERNACIONAL NORMALIZADO PARA PUBLICACIONES SERIADAS | |
| Número Internacional Normalizado para Publicaciones Seriadas | 16665-840X |
| 040 ## - FUENTE DE LA CATALOGACIÓN | |
| Centro catalogador/agencia de origen | CHAP |
| 090 ## - LOCALMENTE ASIGNADO TIPO-LC NÚMERO DE CLASIFICACIÓN (OCLC); NÚMERO DE CLASIFICACIÓN LOCAL (RLIN) | |
| Número de clasificación (OCLC) (R) ; Numero de clasificación, CALL (RLIN) (NR) | Revista |
| 245 ## - MENCIÓN DE TÍTULO | |
| Título | Derecho ambiental y ecología |
| Mención de responsabilidad, etc. | / Centro de Estudios Jurídicos y Ambientales |
| 260 ## - PUBLICACIÓN, DISTRIBUCIÓN, ETC. | |
| Lugar de publicación, distribución, etc. | México : |
| Nombre del editor, distribuidor, etc. | Centro de Estudios Jurídicos y Ambientales |
| Fecha de publicación, distribución, etc. | 2014- |
| 300 ## - DESCRIPCIÓN FÍSICA | |
| Extensión | v. |
| 310 ## - PERIODICIDAD ACTUAL | |
| Periodicidad actual | Bimestral |
| 650 #0 - PUNTO DE ACCESO ADICIONAL DE MATERIA--TÉRMINO DE MATERIA | |
| 9 (RLIN) | 149482 |
| Término de materia o nombre geográfico como elemento de entrada | Derecho ambiental |
| Subdivisión general | Ecología |
| Subdivisión geográfica | México |
| 710 ## - PUNTO DE ACCESO ADICIONAL--NOMBRE DE ENTIDAD CORPORATIVA | |
| 9 (RLIN) | 188089 |
| Nombre de entidad corporativa o nombre de jurisdicción como elemento de entrada | Centro de Estudios Jurídicos y Ambientales |
| 942 ## - ELEMENTOS DE PUNTO DE ACCESO ADICIONAL (KOHA) | |
| Fuente del sistema de clasificación o colocación | Dewey Decimal Classification |
| Estado de retiro | Estado de pérdida | Fuente del sistema de clasificación o colocación | Estado dañado | Restricciones de uso | No para préstamo | Código de colección | Localización permanente | Ubicación/localización actual | Ubicación en estantería | Fecha de adquisición | Enumeración/cronología de publicación seriada | Total de préstamos | Signatura topográfica completa | Código de barras | Fecha visto por última vez | Precio válido a partir de | Tipo de ítem Koha |
|---|---|---|---|---|---|---|---|---|---|---|---|---|---|---|---|---|---|
| Clasificación Universidad Autónoma de Chapingo | Préstamo interno | Publicaciones seriadas | Biblioteca Central | Biblioteca Central | Planta baja - Hemeroteca | 09/10/2023 | Año 10, No. 60, Abril/Mayo 2014 | Revista | BC-H-00001986 | 09/10/2023 | 09/10/2023 | Publicaciones seriadas |
